000 00781nam a2200217 i 4500
001 99681
003 ES-MaACL
005 20230906182534.0
007 t|
008 050914s1972 sp ||||1| spa d
100 1 _aMartínez Bande, José Manuel.
_977883
245 1 3 _aLa ofensiva sobre Segovia y la Batalla de Brunete /
_cJosé Manuel Martínez Bande.
260 _aMadrid :
_bSan Martín,
_c1972.
300 _a330 p. :
_b11 lám., 11 map. pleg. col. ;
_c24 cm.
490 1 _aMonografías de la Guerra de España ;
_v7
500 _aPrecede al tít.: Servicio Histórico Militar.
710 1 _aEspaña.
_bServicio Histórico Militar.
_93980
830 0 _aMonografías de la Guerra de España ;
_v7
_9184535
852 _aES-MaACL
_jC-42204
_bR.80811
999 _c99681
_d99681